00347nam a2200109Ia 4500008004100000082000800041100001800049245005400067942000600121952009500127999001500222240331s9999 xx 000 0 und d bRAM aRamakrishna,H 0aSanctuary :ba play in six scenes with a prologue cL 001040708LaWERCLbWERCLcSSCd2024-03-31l0o 812 RAMp1877r2024-03-31w2024-03-31yL c3159d3159